[Event "Venezia Province-ch 83rd"]
[Site "Campalto"]
[Date "2024.02.03"]
[Round "3"]
[White "Amadardo, Matteo"]
[Black "Gianolla, Matteo"]
[Result "0-1"]
[WhiteElo "1379"]
[BlackElo "1250"]
[PlyCount "86"]
[EventDate "2024.02.02"]
[EventType "swiss"]
[EventRounds "5"]
[EventCountry "ITA"]
[SourceTitle "EXT 2025"]
[Source "ChessBase"]
[SourceDate "2024.10.14"]
[SourceVersion "1"]
[SourceVersionDate "2024.10.14"]
[SourceQuality "1"]

1. c4 e5 2. g3 Nc6 3. Nc3 f5 4. Nf3 Bc5 5. d3 d6 6. a3 a5 7. Bg2 Nf6 8. 0-0 0-0 9. e3 Bb6 10. b3 Qe8 11. d4 e4 12. Ng5 h6 13. Nh3 g5 14. Bb2 Ne7 15. b4 c5 16. dxc5 dxc5 17. Qd6 Qd8 18. bxc5 Bc7 19. Qd4 Nc6 20. Qd1 Be6 21. Qb3 Qb8 22. Nd5 Be5 23. Rfd1 Kf7 24. Bf1 Qa7 25. Bxe5 Nxe5 26. Nc7 Rad8 27. Nxe6 Kxe6 28. Qb6+ Qxb6 29. cxb6 Rd7 30. Rd4 Rfd8 31. Rad1 Nf3+ 32. Kg2 Nxd4 33. exd4 Rxd4 34. Re1 Rd1 35. Re3 Rc1 36. Rb3 Ra1 37. Rc3 Nh5 38. c5 g4 39. Nf4+ Nxf4+ 40. gxf4 Rdd1 41. Bc4+ Kd7 42. Bb5+ Kc8 43. c6 Rg1# 0-1